000 00698nam a2200229 a 4500
001 38266
003 (BD-RjUL)
005 20211209052748.0
008 151019b20032007ii ||||g |||| 00| 0 eng d
020 _a8190115928
035 _a(BD-RjUL)38371
040 _aBD-RjUL
_beng
041 _aeng
082 _223
_a428.24076
_bADI 2003
100 _aAdams, Garry.
_9118295
245 _aUseful Exercises for IELTS/
_cGarry Adams & Terry Peck.
_n202
_pListening, reading, writing
250 _aInternational Edition
260 _aIndia :
_bmk book distributors
_c2003
300 _a128p. :
_bill. ;
_c28 cm. +
_e2 sound discs (digital ; 4 3/4 in.)
700 _aPeck, Terry.
_9118296
942 _2ddc
_cAVM
999 _c38266
_d38266